000 00752nam a2200217Ii 4500
003 JO-AjNU
008 230605s9999||||xx |||||||||||||| ||und||
017 _a2009/1/280
040 _aJO-AjNU
_bara
_erda
_cJO-AjNU
041 _aara
050 1 4 _aDS154.5.A52 2009
100 3 _a العايد ، حسن عبدالله ، العويمر ، وليد عبد الهادي ،2009,
_eauthor
_921984
245 0 0 _aالتربية الوطنية
250 _a(د،ط)
264 3 1 _aعمان : دار زيد الكيلاني ، 2009
300 _a276ص
336 _atext
_btxt
_2rdacontent
337 _aunmediated
_bn
_2rdamedia
338 _avolume
_bnc
_2rdacarrier
650 4 _aالتربية الوطنية -- التربية السياسية
_921985
999 _aA7729
_c11297
_d11297